Real Estate Data Foundation (Record no. 121176)

MARC details
000 -LEADER
fixed length control field 00983nam a22001577a 4500
008 - FIXED-LENGTH DATA ELEMENTS--GENERAL INFORMATION
fixed length control field 190716b2019 ||||| |||| 00| 0 eng d
110 ## - MAIN ENTRY--CORPORATE NAME
9 (RLIN) 6290
Corporate author Real Estate Data Foundation
245 ## - TITLE STATEMENT
Title Real Estate Data Foundation
520 ## - ABSTRACT
Abstract The Real Estate Data Foundation is a not for profit collection of Real Estate industry organisations, academia and companies with an interest in the use of data. The Real Estate Data Foundation is a not for profit collection of Real Estate industry organisations, academia and companies with an interest in the use of data. It provides a forum for all organisations to share insights, learn from each other and agree industry best practice and conventions. Its is to support real estate to effectively use data for the good of the public and the sector.
650 ## - KEYWORDS
Keywords Data
650 ## - KEYWORDS
Keywords RICS
650 ## - KEYWORDS
Keywords Big Data
651 ## - SUBJECT ADDED ENTRY--GEOGRAPHIC NAME
Geographic name United Kingdom
690 ## - LOCAL SUBJECT ADDED ENTRY--TOPICAL TERM (OCLC, RLIN)
9 (RLIN) 6274
Topical term or geographic name as entry element PropTech
856 ## - ONLINE RESOURCE
Uniform Resource Identifier https://www.theredfoundation.org
Public note View at theredfoundation.org
Holdings
Withdrawn status Lost status Source of classification or shelving scheme Damaged status Not for loan Home library Current library Shelving location Date acquired Total Checkouts Date last seen Price effective from Koha item type
    Dewey Decimal Classification     Virtual Virtual Online 05/12/2019   05/12/2019 05/12/2019 Online material